Hệ thống cung cấp nhiên liệu diezen trên máy kéo

Сохранить в:
Библиографические подробности
Главный автор: Đinh Văn Khôi
Формат:
Язык:Undetermined
Опубликовано: Hà Nội CNKT 1983
Предметы:
Метки: Добавить метку
Нет меток, Требуется 1-ая метка записи!
Thư viện lưu trữ: Trung tâm Học liệu Trường Đại học Cần Thơ
LEADER 00563nam a2200181Ia 4500
001 CTU_12377
008 210402s9999 xx 000 0 und d
082 |a 631.372 
082 |b Kh452h 
100 |a Đinh Văn Khôi 
245 0 |a Hệ thống cung cấp nhiên liệu diezen trên máy kéo 
245 0 |c Đinh Văn Khôi 
260 |a Hà Nội 
260 |b CNKT 
260 |c 1983 
650 |a agricultural machinery - maintenance and repair,tractors 
904 |i Minh, 961113 
980 |a Trung tâm Học liệu Trường Đại học Cần Thơ